ბათუმის შოთა რუსთაველის სახელმწიფო უნივერსიტეტის ბიბლიოთეკა

საქართველოს სუბტროპიკული საბჭოთა მეურნეობის ეკონომიკა / (ბიბ.ჩანაწერი № 63391)

000 -ლიდერი
ფიქსირებული სიგრძის საკონტროლო ველი 00869nam a22001817a 4500
003 - საკონტროლო ნომრის იდენტიფიკატორი
საკონტროლო ველი Ge_BSU
005 - ბოლო ოპერაციის თარიღი და დრო
საკონტროლო ველი 20250929162134.0
008 - ფიქსირებული სიგრძის მონაცემთა ელემენტები - ზოგადი ინფორმაცია
ფიქსირებული სიგრძის საკონტროლო ველი 250929s1977 ge ||||| |||| 00| 0 geo d
041 ## - ენის კოდი
Language code of text/sound track or separate title geo
080 ## - უნივერსალური ათობითი კლასიფიკაციის ინდექსი
Universal Decimal Classification number 631.115.71 : 634.6(479.2) ი-36
100 ## - მთავარი ჩანაწერი - პიროვნების სახელი
Personal name ივანიდისი, გიორგი
9 (RLIN) 25901
245 ## - ცნობა სათაურის შესახებ
Title საქართველოს სუბტროპიკული საბჭოთა მეურნეობის ეკონომიკა /
Statement of responsibility, etc გიორგი ივანიდისი.
264 ## - წარმოების, გამოცემის, დისტრიბუციის და სხვა ცნობები
გამოცემის, წარმოების, დისტრიბუციის... ადგილი თბ. :
გამოცემის, წარმოების, დისტრიბუციის... სახელწოდება საბჭ. საქართველო,
გამოცემის, წარმოების, დისტრიბუციის... თარიღი 1977.
300 ## - ფიზიკური აღწერა
Extent 158 გვ. ;
Other physical details 19 სმ.
520 ## - SUMMARY, ETC.
Summary, etc რეზ. რუს. ენ.
653 ## - INDEX TERM--UNCONTROLLED
Uncontrolled term სუბტროპიკული საბჭოთა მეურნეობები საქართველოში
942 ## - ADDED ENTRY ELEMENTS (KOHA)
Source of classification or shelving scheme
Koha item type წიგნი
ეგზემპლარები
ჩამოწერის სტატუსი დაკარგული ეგზემპლარის სტატუსი კლასიფიკაციის წყარო ან თაროზე გაწყობის სქემა დაზიანების სტატუსი არ გაიცემა მუდმივი მდებარეობა (დაცვის ადგილი) ამჟამინდელი ადგილსამყოფელი თაროზე განთავსების ადგილი შეძენის თარიღი ღირებულება, შესყიდვის ნორმალური ფასი სრული შენახვის შიფრი შტრიხკოდი ბოლო ოპერაციის თარიღი ეგზემპლარის მიმდევრობითი ნომერი (კეტერი?) ფასის ძალაში შესვლის თარიღი ეგზემპლარის სახეობა საჯარო შენიშვნა
          ბათუმის შოთა რუსთაველის სახელმწიფო უნივერსიტეტის მთავარი ბიბლიოთეკა ბათუმის შოთა რუსთაველის სახელმწიფო უნივერსიტეტის მთავარი ბიბლიოთეკა წიგნსაცავი 2025-09-29 1.40 631.115.71 : 634.6(479.2) ი-36 72492 2025-09-29 72492 2025-09-29 წიგნი 1 ლ. 40 თ.
          ბათუმის შოთა რუსთაველის სახელმწიფო უნივერსიტეტის მთავარი ბიბლიოთეკა ბათუმის შოთა რუსთაველის სახელმწიფო უნივერსიტეტის მთავარი ბიბლიოთეკა წიგნსაცავი 2025-09-29 1.40 631.115.71 : 634.6(479.2) ი-36 72493 2025-09-29 72493 2025-09-29 წიგნი 1 ლ. 40 თ.